| 000 | 00882nam a2200277Ia 4500 | ||
|---|---|---|---|
| 003 | OSt | ||
| 005 | 20221005022515.0 | ||
| 006 | a|||||r|||| 00| 0 | ||
| 007 | ta | ||
| 008 | 221004b |||||||| |||| 00| 0 san d | ||
| 020 | _c280 | ||
| 024 | _a2146 | ||
| 037 |
_b299, 30/11/2012, Eastern Book Linkers _cTextual |
||
| 040 |
_aCRL _cCRL _bsan |
||
| 041 |
_2san _asan |
||
| 082 | _aQ127:4x2,1, 15Q1 | ||
| 100 |
_aPathaka Gangadhara _9578161 |
||
| 245 | 0 | _aParaskaragrhyasutravrttih | |
| 260 |
_aAllahabad _bRashtriya Sanskrit Sansthan India _c2011 |
||
| 300 |
_axxviii, 252p. _ccm. |
||
| 490 | _aGanganatha Jha campus text series no.; 61 | ||
| 650 | _aRELIGION | ||
| 700 |
_a Malaviya Maya Ed. _9578162 |
||
| 942 |
_hQ127:4x2,1, 15Q1 _cTEXL _2cc |
||
| 999 |
_c929517 _d929517 |
||